[Event "5th IECC"]
[Site "Antalya"]
[Date "2004.05.27"]
[Round "11"]
[White "Krasenkow, Michal"]
[Black "Nikolic, Predrag"]
[Result "0-1"]
[WhiteElo "2609"]
[BlackElo "2648"]
[PlyCount "100"]
[EventDate "2004.05.15"]
[Source "Roberto Alvarez"]
[SourceDate "2004.05.31"]

1. d4 f5 2. c4 Nf6 3. Nc3 e6 4. Qc2 Bb4 5. e3 O-O 6. Bd3 d5 7. Nge2 c6 8. Bd2 Nbd7 9. f3 dxc4 10. Bxc4 Nb6 11. Bb3 Kh8 12. O-O-O Qe7 13. h4 Bd7 14. e4 fxe4 15. Nxe4 Bxd2+ 16. Rxd2 Nbd5 17. Ng5 e5 18. Qd3 Rae8 19. Ng3 exd4 20. Qxd4 c5 21. Qd3 Nf4 22. Qc4 Qe3 23. Nf7+ Rxf7 24. Qxf7 Nd3+ 25. Kd1 Ne5 26. Qxe8+ Bxe8 27. Re1 Qf4 28. Ne4 c4 29. Bc2 Nfd7 30. Nc5 Bg6 31. Bxg6 hxg6 32. Nxd7 c3 33. bxc3 Nxd7 34. Re7 Qa4+ 35. Ke2 Nf6 36. Rc7 Qb5+ 37. Kd1 Nd5 38. Rc8+ Kh7 39. c4 Qd7 40. Rc5 Ne3+ 41. Ke1 Qe7 42. Rc8 Nxg2+ 43. Kd1 Ne3+ 44. Ke1 Nxc4+ 45. Re2 Qb4+ 46. Kf1 Nd6 47. Ra8 a6 48. Kg2 Qc4 49. Rd2 Nf5 50. Rdd8 Nxh4+ 0-1

[Event "Geneve"]
[Site "Geneve"]
[Date "2004.??.??"]
[Round "?"]
[White "Milov, V."]
[Black "Gleizerov, E."]
[Result "1/2-1/2"]
[WhiteElo "2632"]
[BlackElo "2589"]
[PlyCount "43"]
[EventDate "2004.??.??"]
[Source "Chess Informant"]
[SourceDate "2003.10.01"]

1. d4 e6 2. c4 f5 3. Nc3 Nf6 4. Qc2 Be7 5. Nf3 O-O 6. h3 b6 7. g4 Bb7 8. gxf5 exf5 9. d5 c6 10. Rg1 cxd5 11. Bh6 Ne8 12. O-O-O Kh8 13. Bf4 dxc4 14. Ne5 d6 15. e3 Nd7 16. Nxd7 Qxd7 17. Bxc4 Nf6 18. Kb1 Ne4 19. Qb3 Nc5 20. Qa3 Ne4 21. Qb3 Nc5 22. Qa3 1/2-1/2

[Event "Lone Pine 9th"]
[Site "Lone Pine"]
[Date "1979.??.??"]
[Round "6"]
[White "Kortchnoi, Viktor"]
[Black "Lombardy, William"]
[Result "0-1"]
[WhiteElo "2695"]
[BlackElo "2520"]
[PlyCount "110"]
[EventDate "1979.??.??"]
[Source "www.chesslib.no"]
[SourceDate "2004.05.04"]

1. c4 f5 2. d4 Nf6 3. Nc3 g6 4. f3 d6 5. e4 Bg7 6. e5 dxe5 7. dxe5 Qxd1+ 8. Kxd1 Nh5 9. f4 Be6 10. Nf3 Nc6 11. Kc2 O-O-O 12. Be3 h6 13. a3 g5 14. g3 Bf7 15. Be2 e6 16. b4 gxf4 17. gxf4 Bf8 18. Rhg1 Be7 19. c5 a6 20. Bc4 Rhg8 21. Ne2 Rg4 22. h3 Rxg1 23. Rxg1 Rg8 24. Rxg8+ Bxg8 25. Nfd4 Nd8 26. c6 b5 27. Bd3 Bf7 28. Nxf5 exf5 29. Bxf5+ Ne6 30. Bg4 Nhg7 31. f5 h5 32. fxe6 Bg6+ 33. Kc3 hxg4 34. hxg4 Nxe6 35. Nf4 Nxf4 36. Bxf4 Be4 37. Kd4 Bxc6 38. e6 Bf3 39. g5 Bg4 40. Ke5 Bh5 41. Ke4 Bg6+ 42. Kd5 Kb7 43. Ke5 c5 44. bxc5 Kc6 45. Bd2 Bh7 46. Be3 Bd8 47. Bd2 Bg6 48. Be3 a5 49. Bd2 Kxc5 50. e7 Bxe7 51. Ke6 Bd6 52. Bxa5 Kc6 53. Kf6 Be4 54. g6 Bxa3 55. Kf7 b4 0-1

[Event "Russia (ch) 88/42"]
[Site "?"]
[Date "2003.??.??"]
[Round "?"]
[White "Epishin, V."]
[Black "Gleizerov, E."]
[Result "1/2-1/2"]
[WhiteElo "2642"]
[BlackElo "2565"]
[PlyCount "68"]
[EventDate "2003.??.??"]
[Source "Chess Informant"]
[SourceDate "2003.06.01"]

1. d4 e6 2. c4 f5 3. Nc3 Nf6 4. Bg5 Be7 5. e3 O-O 6. Bd3 d6 7. Nf3 Nc6 8. a3 e5 9. d5 Nb8 10. Bxf6 Rxf6 11. e4 f4 12. h3 Rg6 13. Kf1 c5 14. dxc6 Nxc6 15. Nd5 Qf8 16. b4 Bd8 17. b5 Nd4 18. Nxd4 exd4 19. Qf3 Bg5 20. Re1 Rb8 21. e5 Re6 22. h4 Bh6 23. h5 Rxe5 24. Rxe5 dxe5 25. Qe4 Bd7 26. Qxh7+ Kf7 27. Qg6+ Kg8 28. Qh7+ Kf7 29. Qg6+ Kg8 30. c5 Rc8 31. Qh7+ Kf7 32. Qg6+ Kg8 33. Qh7+ Kf7 34. Qg6+ Kg8 1/2-1/2

[Event "XXII Rapid"]
[Site "Villarrobledo SPA"]
[Date "2007.08.04"]
[Round "3"]
[White "Milov, V."]
[Black "Cabrera, Al"]
[Result "1/2-1/2"]
[WhiteElo "2678"]
[BlackElo "2514"]
[PlyCount "140"]
[EventDate "2007.08.04"]
[Source "www.chesslib.no"]
[SourceDate "2004.05.04"]

1. d4 e6 2. c4 f5 3. Nc3 Nf6 4. e3 b6 5. Bd3 Bb7 6. f3 Bb4 7. Nge2 O-O 8. O-O Nc6 9. a3 Bxc3 10. Nxc3 Ne7 11. b4 d6 12. Bb2 Qd7 13. Qc2 a6 14. e4 fxe4 15. fxe4 e5 16. dxe5 Ng4 17. c5 Nxe5 18. cxb6 cxb6 19. Be2 Qe6 20. Qd2 Rad8 21. Qd4 b5 22. Rad1 Rxf1+ 23. Rxf1 h6 24. h3 Kh7 25. Qf2 Ng8 26. Nd5 Bxd5 27. exd5 Qxd5 28. Rd1 Qe4 29. Bf1 Nf6 30. Re1 Qg6 31. Bxe5 dxe5 32. Rxe5 Re8 33. Qf4 Nh5 34. Qf3 Qb6+ 35. Rc5 Nf6 36. Qc6 Qd8 37. Rf5 Qd4+ 38. Kh2 Re5 39. Qc2 Rxf5 40. Qxf5+ Kg8 41. Qd3 Qe5+ 42. Qg3 Qd4 43. Bd3 Qb6 44. Bf5 Kf8 45. Qe5 Qc6 46. Qb8+ Ne8 47. Qf4 Qd6 48. Kg3 Ke7 49. Bc8 Qd3+ 50. Kh2 Nf6 51. Bxa6 Qxa3 52. Bxb5 Qc3 53. Be2 g5 54. Qb8 Nd5 55. Bf3 Nxb4 56. Qb7+ Kf6 57. Qb6+ Ke5 58. Qxh6 Qe3 59. Qg7+ Ke6 60. Qf7+ Kd6 61. Qf6+ Kc5 62. Bg4 Nd3 63. Qf5+ Kb4 64. Bf3 Nf4 65. Qe4+ Qxe4 66. Bxe4 Kc5 67. Bf3 Kd4 68. h4 Ne6 69. h5 Ng7 70. h6 Ne6 1/2-1/2

[Event "Moscow"]
[Site "?"]
[Date "2004.??.??"]
[Round "?"]
[White "Lugovoi, A."]
[Black "Zhang, Zhong"]
[Result "0-1"]
[WhiteElo "2550"]
[BlackElo "2640"]
[PlyCount "106"]
[EventDate "2004.??.??"]
[Source "Chess Informant"]
[SourceDate "2004.02.01"]

1. d4 f5 2. c4 Nf6 3. Nc3 g6 4. f3 Bg7 5. e4 d6 6. e5 dxe5 7. dxe5 Qxd1+ 8. Kxd1 Nfd7 9. f4 Na6 10. Be3 b6 11. Nf3 Bb7 12. Be2 Ndc5 13. a3 Ne6 14. Kc2 Nac5 15. Nd5 Kf7 16. Nd2 Rad8 17. b4 Na6 18. Bf3 c6 19. Nc3 Nd4+ 20. Bxd4 Rxd4 21. Ne2 Rd7 22. Nb3 c5 23. Bxb7 Rxb7 24. b5 Nc7 25. Nc3 g5 26. fxg5 Bxe5 27. Rae1 Bd6 28. h4 h6 29. Ref1 Ke6 30. g6 h5 31. Rf3 Ne8 32. Nd5 Ng7 33. Rd1 Kd7 34. Ne3 e6 35. g4 hxg4 36. Nxg4 Ke7 37. Rh1 Rd7 38. Ne3 Rh6 39. h5 Rxh5 40. Rxh5 Nxh5 41. Rh3 Ng7 42. Nc1 Kf6 43. Nd3 Kxg6 44. Rh8 Kf6 45. a4 Rb7 46. Rd8 Ke7 47. Rg8 Ne8 48. Ng2 Kf7 49. Rh8 Nf6 50. Ra8 e5 51. a5 Ke6 52. axb6 axb6 53. Ra6 e4 0-1

[Event "Linares"]
[Site "?"]
[Date "1988.??.??"]
[Round "?"]
[White "Chiburdanidze, M."]
[Black "Yusupov, A."]
[Result "1/2-1/2"]
[WhiteElo "2560"]
[BlackElo "2620"]
[PlyCount "85"]
[EventDate "1988.??.??"]
[Source "ChessBase"]
[SourceDate "1988.01.01"]

1. d4 e6 2. c4 f5 3. Nc3 Nf6 4. Bg5 Bb4 5. Qb3 c5 6. e3 O-O 7. a3 Qa5 8. Bd3 Bxc3+ 9. bxc3 Nc6 10. Ne2 d6 11. O-O Qc7 12. Qc2 Ne7 13. e4 fxe4 14. Bxe4 Nxe4 15. Qxe4 Ng6 16. h4 Rf7 17. h5 Nf8 18. h6 Bd7 19. Ng3 cxd4 20. cxd4 Qxc4 21. Nh5 Qb5 22. Qg4 Qf5 23. Qg3 gxh6 24. Bxh6+ Ng6 25. Nf4 e5 26. dxe5 dxe5 27. Nxg6 Qxg6 28. Qxg6+ hxg6 29. Rfe1 Re8 30. Rad1 Bc6 31. Rd6 Kh7 32. Be3 a6 33. Bd2 Rd7 34. Rxd7+ Bxd7 35. f3 Bc6 36. Bc3 e4 37. Re3 Kg8 38. fxe4 Bxe4 39. Bd4 Kf7 40. Kf2 b5 41. g4 Re6 42. Kg3 g5 43. Bb2 1/2-1/2

[Event "MTO"]
[Site "Biel"]
[Date "2004.07.28"]
[Round "9"]
[White "Rustemov, Alexander"]
[Black "Ulibin, Mikhail"]
[Result "1-0"]
[WhiteElo "2589"]
[BlackElo "2586"]
[PlyCount "115"]
[EventDate "2004.07.19"]
[Source "Roberto Alvarez"]
[SourceDate "2004.08.10"]

1. d4 e6 2. c4 f5 3. Nc3 Nf6 4. Qc2 b6 5. e3 Bb7 6. f3 g6 7. Bd3 Bg7 8. Nge2 O-O 9. b4 d5 10. O-O Kh8 11. Rb1 a6 12. a4 Nbd7 13. cxd5 exd5 14. b5 Re8 15. Bd2 Nf8 16. Kh1 Nh5 17. f4 Nf6 18. Ng1 Ne4 19. Nf3 Ne6 20. Na2 a5 21. Nc1 Rc8 22. Ne2 Bf6 23. Kg1 Kg7 24. Rfc1 Qe7 25. Qb2 N6c5 26. Bxe4 dxe4 27. Ne5 Nd3 28. Qb3 Nxc1 29. Rxc1 Qe6 30. Qb2 Red8 31. h3 Kg8 32. Kh2 Bd5 33. g4 fxg4 34. Nxg4 Bg7 35. Rg1 Bc4 36. Ng3 Rd5 37. Ne5 Bxe5 38. dxe5 Bd3 39. Nh5 Rc5 40. Bc3 Qc4 41. Nf6+ Kf7 42. Qf2 Rh8 43. Qh4 Qe6 44. Rxg6 Kxg6 45. Qg5+ Kf7 46. f5 Qa2+ 47. Kg3 Rxe5 48. Ng4 Rg8 49. Qh5+ Ke7 50. f6+ Kd8 51. Qxe5 Qf7 52. Kf4 Qd7 53. Qh5 Be2 54. Be5 Rf8 55. Qh6 Rf7 56. Nf2 Bf3 57. Qg5 Qd5 58. Bxc7+ 1-0

[Event "Wch Team"]
[Site "Luzern"]
[Date "1993.??.??"]
[Round "1"]
[White "Olafsson, Helgi"]
[Black "Malaniuk, Vladimir P"]
[Result "1/2-1/2"]
[WhiteElo "2530"]
[BlackElo "2635"]
[PlyCount "108"]
[EventDate "1993.10.??"]
[Source "www.chesslib.no"]
[SourceDate "2004.05.04"]

1. d4 f5 2. c4 d6 3. Nc3 Nf6 4. Bg5 Nbd7 5. Qc2 g6 6. e4 fxe4 7. Nxe4 Bg7 8. Nf3 O-O 9. Ng3 e5 10. Be2 exd4 11. Nxd4 Ne5 12. O-O-O Nf7 13. Be3 Ng4 14. Bxg4 Bxg4 15. f3 Re8 16. Bf2 Bd7 17. h4 c5 18. Nde2 b5 19. h5 Qf6 20. hxg6 hxg6 21. cxb5 Bxb5 22. Nc3 Bc6 23. Nge4 Bxe4 24. Nxe4 Qe6 25. Nc3 Rab8 26. Rhe1 Qf6 27. Rxe8+ Rxe8 28. Ne4 Qe6 29. Qb3 Qxb3 30. axb3 Rb8 31. Kc2 c4 32. b4 Rxb4 33. Bd4 a5 34. f4 Rb3 35. Nc3 Bxd4 36. Rxd4 Rb4 37. Rd5 a4 38. Ra5 Kg7 39. Ra6 Kf8 40. g3 Kg7 41. Ra7 Rb8 42. g4 Kf6 43. Nd5+ Ke6 44. Nc7+ Kf6 45. Rxa4 g5 46. f5 Ke5 47. Rxc4 d5 48. Rc6 Ke4 49. Re6+ Kf3 50. Re7 Nh6 51. Nxd5 Nxg4 52. Kc3 Rf8 53. b4 Rxf5 54. Kd4 Nf6 1/2-1/2

[Event "RUS-Cup"]
[Site "Krasnodar"]
[Date "1998.??.??"]
[Round "7"]
[White "Aleksandrov, Aleksej"]
[Black "Gleizerov, Evgeny"]
[Result "1-0"]
[WhiteElo "2615"]
[BlackElo "2545"]
[PlyCount "69"]
[EventDate "1998.??.??"]
[Source "www.chesslib.no"]
[SourceDate "2004.05.04"]

1. d4 e6 2. c4 f5 3. Nc3 Nf6 4. Nf3 Bb4 5. Qb3 Qe7 6. g3 Ne4 7. Bg2 Nc6 8. O-O Na5 9. Qa4 Bxc3 10. bxc3 b6 11. Ng5 Bb7 12. Nxe4 Bxe4 13. Bxe4 fxe4 14. c5 Qf7 15. Bf4 Rc8 16. Rad1 O-O 17. c4 d5 18. cxd6 cxd6 19. Bxd6 Rxc4 20. Qb5 Rd8 21. Be5 Qd7 22. Qb1 Qd5 23. f3 exf3 24. e4 Qb7 25. Qd3 b5 26. Qxf3 Nc6 27. Bd6 h6 28. e5 Na5 29. d5 exd5 30. Rxd5 Qd7 31. Qd3 a6 32. Bc5 Rc3 33. Rxd7 Rxd3 34. Rxd3 Rxd3 35. e6 1-0

[Event "Prague"]
[Site "Prague"]
[Date "1990.??.??"]
[Round "5"]
[White "Hort, Vlastimil"]
[Black "Short, Nigel D"]
[Result "0-1"]
[WhiteElo "2545"]
[BlackElo "2610"]
[PlyCount "76"]
[EventDate "1990.08.??"]
[Source "ChessBase"]

1. d4 e6 2. c4 f5 3. Nc3 Nf6 4. g3 Bb4 5. Bg2 O-O 6. Nf3 Ne4 7. Qc2 d6 8. O-O Bxc3 9. bxc3 Nd7 10. Rd1 Qe8 11. Nd2 Ndf6 12. Nxe4 Nxe4 13. a4 Bd7 14. a5 Bc6 15. d5 Bd7 16. Be3 Qg6 17. Ra3 e5 18. Rb1 b6 19. Rba1 Rac8 20. axb6 axb6 21. Ra7 Nf6 22. Rb7 Qh5 23. f3 f4 24. gxf4 exf4 25. Bd4 Qg5 26. Kh1 Nh5 27. Raa7 Ng3+ 28. Kg1 Nf5 29. Kh1 Ne3 30. Bxe3 fxe3 31. Qc1 Rf7 32. Qf1 Bf5 33. Bh3 h6 34. Qg2 Qh4 35. Bxf5 Rxf5 36. Qg1 Rg5 37. Qf1 Qxc4 38. Qd1 Rxd5 0-1

[Event "Brno-A"]
[Site "Brno"]
[Date "1994.??.??"]
[Round "6"]
[White "Epishin, Vladimir"]
[Black "Haba, Petr"]
[Result "1/2-1/2"]
[WhiteElo "2650"]
[BlackElo "2505"]
[PlyCount "113"]
[EventDate "1994.08.??"]
[Source "ChessBase"]

1. d4 d5 2. c4 c6 3. Nc3 e6 4. e3 f5 5. f4 Nf6 6. Nf3 Bd6 7. Be2 O-O 8. O-O b6 9. Bd2 Ne4 10. Be1 Nxc3 11. Bxc3 a5 12. Rc1 Ba6 13. b3 Nd7 14. Be1 Nf6 15. Bh4 Qd7 16. Bxf6 Rxf6 17. Rf2 Rff8 18. Ne5 Bxe5 19. fxe5 Bb7 20. Bf3 Rac8 21. Rfc2 Rfd8 22. c5 b5 23. Qe1 Ra8 24. Be2 Qe7 25. Bd3 Rf8 26. Rf2 Bc8 27. a3 Bd7 28. Qe2 Qg5 29. Rcf1 h5 30. Rf4 Qh6 31. h4 a4 32. b4 g6 33. R1f3 Rae8 34. Rg3 Re7 35. Rg5 Rg7 36. Qf2 Rgf7 37. Rf3 Be8 38. Rfg3 Kh7 39. Qf4 Rg8 40. Be2 Rfg7 41. Kf2 Bd7 42. Ke1 Be8 43. Kd2 Bd7 44. Kc3 Be8 45. Kb2 Bd7 46. Rh3 Be8 47. Qf1 Rh8 48. Rhg3 Rhg8 49. Qd1 Kh8 50. Qc1 Kh7 51. Rf3 Rb7 52. Bd1 Rgg7 53. Rfg3 Ra7 54. Be2 Rae7 55. Qf1 Ra7 56. Qd1 Kh8 57. Rh3 1/2-1/2

[Event "Russia (ch)"]
[Site "?"]
[Date "1995.??.??"]
[Round "?"]
[White "Vyzmanavin, A."]
[Black "Ulybin, M."]
[Result "0-1"]
[WhiteElo "2605"]
[BlackElo "2545"]
[PlyCount "52"]
[EventDate "1995.??.??"]
[Source "ChessBase"]
[SourceDate "1995.10.01"]

1. d4 e6 2. c4 f5 3. Nf3 Nf6 4. Nc3 Bb4 5. Qb3 Qe7 6. g3 b6 7. Bg2 Bb7 8. O-O Bxc3 9. Qxc3 O-O 10. b4 a5 11. b5 d6 12. Bb2 Nbd7 13. Rac1 Rae8 14. Rfd1 Ne4 15. Qc2 Ndf6 16. Ne1 Ng4 17. Nd3 f4 18. Nxf4 Rxf4 19. f3 Ne3 20. Qd3 Nxg2 21. Kxg2 Qg5 22. c5 Bd5 23. cxb6 cxb6 24. Rc7 Rg4 25. Kf1 Rf8 26. Ke1 Rxg3 0-1

[Event "Alushta4"]
[Site "Alushta"]
[Date "1994.??.??"]
[Round "5"]
[White "Vyzmanavin, Alexey"]
[Black "Moskalenko, Viktor"]
[Result "1/2-1/2"]
[WhiteElo "2610"]
[BlackElo "2535"]
[PlyCount "48"]
[EventDate "1994.05.??"]
[Source "ChessBase"]

1. d4 e6 2. c4 f5 3. Nc3 Nf6 4. Nf3 Bb4 5. Qb3 Qe7 6. g3 Nc6 7. a3 Bxc3+ 8. Qxc3 d6 9. b4 e5 10. dxe5 Nxe5 11. Nxe5 dxe5 12. Bb2 e4 13. Bg2 O-O 14. O-O Be6 15. f3 exf3 16. exf3 Qf7 17. Rac1 Rfe8 18. Rfe1 Rad8 19. Re5 Rd7 20. Ra5 a6 21. f4 c6 22. b5 cxb5 23. cxb5 axb5 24. Rxb5 b6 1/2-1/2

[Event "Rilton Cup"]
[Site "Stockholm"]
[Date "2001.01.04"]
[Round "8"]
[White "Yakovich, Yuri"]
[Black "Gleizerov, Evgeny"]
[Result "1-0"]
[WhiteElo "2585"]
[BlackElo "2557"]
[PlyCount "77"]
[EventDate "2000.12.27"]
[Source "ChessBase"]
[SourceDate "2001.01.11"]

1. d4 e6 2. c4 f5 3. Nc3 Nf6 4. Qc2 Bb4 5. e3 O-O 6. Bd3 d6 7. Nge2 Nc6 8. O-O Bxc3 9. Qxc3 a5 10. b3 e5 11. Ba3 Re8 12. d5 Ne7 13. f4 b5 14. fxe5 b4 15. Qd2 dxe5 16. Bb2 Qd6 17. Ng3 g6 18. Qf2 Nd7 19. Ne4 Qb6 20. Rac1 c5 21. Ng5 Qd6 22. Qh4 Nf6 23. Nf3 e4 24. Bxf6 exf3 25. Rxf3 Nc6 26. Bxf5 Ne5 27. Rh3 Ra7 28. Bxc8 Rxc8 29. Rf1 Rf8 30. Bxe5 Rxf1+ 31. Kxf1 Qxe5 32. Rf3 Qa1+ 33. Kf2 Ra8 34. d6 Qxa2+ 35. Kg3 Qa1 36. Qe7 Qg7 37. Qe6+ Kh8 38. d7 Rg8 39. Qe8 1-0

[Event "RUS-Cup final"]
[Site "Ekaterinburg"]
[Date "1999.??.??"]
[Round "10"]
[White "Volkov, Sergey"]
[Black "Kobalija, Mihail"]
[Result "1/2-1/2"]
[WhiteElo "2587"]
[BlackElo "2537"]
[PlyCount "196"]
[EventDate "1999.08.28"]
[Source "ChessBase"]
[SourceDate "2000.04.05"]

1. d4 e6 2. c4 f5 3. Nc3 Nf6 4. Bg5 Be7 5. g3 O-O 6. Bg2 d6 7. Bxf6 Bxf6 8. e4 e5 9. dxe5 Bxe5 10. exf5 Nc6 11. g4 Bxc3+ 12. bxc3 Qf6 13. Ne2 g6 14. h4 Bd7 15. h5 gxf5 16. g5 Qe7 17. Bd5+ Be6 18. Kf1 f4 19. Rh4 Kh8 20. Bxc6 bxc6 21. Qd4+ Qg7 22. Rxf4 c5 23. Qxg7+ Kxg7 24. Rb1 Rae8 25. Rxf8 Rxf8 26. Rb7 Rf7 27. Ng3 Bxc4+ 28. Ke1 Bxa2 29. Rxa7 Bd5 30. Ke2 Re7+ 31. Kd2 Rf7 32. f4 h6 33. Ne2 hxg5 34. fxg5 Rf5 35. Rxc7+ Kg8 36. Rc8+ Kg7 37. h6+ Kg6 38. Rc7 Bf7 39. Rb7 d5 40. Rc7 d4 41. c4 Rf2 42. Ke1 Rf5 43. Re7 Rf3 44. Rd7 Rf5 45. Re7 Rf3 46. Rc7 Rf5 47. Kd2 Rf2 48. Rxc5 Bxc4 49. Rxc4 Kxg5 50. h7 Rh2 51. Rc7 Kg6 52. Kd3 Rxh7 53. Nf4+ Kh6 54. Rc6+ Kg5 55. Ne6+ Kf5 56. Nxd4+ Ke5 57. Rc5+ Kd6 58. Rg5 Rh1 59. Nf5+ Ke6 60. Ke4 Re1+ 61. Ne3 Ra1 62. Rg6+ Kf7 63. Rc6 Ra5 64. Nc4 Ra1 65. Ne3 Ra5 66. Nd5 Ra1 67. Rf6+ Kg7 68. Rf3 Re1+ 69. Kf5 Kf7 70. Rc3 Rf1+ 71. Nf4 Ke7 72. Rd3 Ra1 73. Ng6+ Ke8 74. Ne5 Ra6 75. Rd7 Rb6 76. Rh7 Rb1 77. Nc6 Rc1 78. Nd4 Rf1+ 79. Ke6 Re1+ 80. Kf6 Rf1+ 81. Nf5 Kd8 82. Ra7 Re1 83. Nd4 Rf1+ 84. Ke6 Re1+ 85. Kd6 Ke8 86. Nf3 Rd1+ 87. Ke6 Kd8 88. Rh7 Rf1 89. Ne5 Re1 90. Rg7 Rd1 91. Nc6+ Kc8 92. Ne7+ Kc7 93. Nd5+ Kc6 94. Rc7+ Kb5 95. Kd6 Rh1 96. Rc5+ Ka4 97. Rc3 Rh8 98. Rg3 Kb5 1/2-1/2

[Event "Seattle op-B"]
[Site "Seattle"]
[Date "1994.??.??"]
[Round "3"]
[White "Christensen, Frank"]
[Black "Slye, Damon"]
[Result "1/2-1/2"]
[WhiteElo "2560"]
[BlackElo "2560"]
[PlyCount "50"]
[EventDate "1994.??.??"]
[Source "www.chesslib.no"]
[SourceDate "2004.05.04"]

1. d4 f5 2. c4 Nf6 3. Nc3 g6 4. Nf3 Bg7 5. g3 d6 6. Bg2 O-O 7. Qc2 Nc6 8. a3 e5 9. dxe5 dxe5 10. e4 Nd4 11. Nxd4 exd4 12. Nd5 Nxd5 13. cxd5 fxe4 14. Bxe4 Bf5 15. O-O Qd7 16. f3 Bxe4 17. fxe4 Rxf1+ 18. Kxf1 Be5 19. Kg2 Kg7 20. Qd3 Rf8 21. Bd2 c6 22. Bb4 Rf6 23. dxc6 Rxc6 24. Rf1 Rf6 25. Rxf6 Bxf6 1/2-1/2

[Event "Brocco Open"]
[Site "Brocco"]
[Date "1990.??.??"]
[Round "8"]
[White "Gavrikov, Viktor N"]
[Black "Vaisser, Anatoli V"]
[Result "1/2-1/2"]
[WhiteElo "2580"]
[BlackElo "2540"]
[PlyCount "30"]
[EventDate "1990.??.??"]
[Source "www.chesslib.no"]
[SourceDate "2004.05.04"]

1. c4 f5 2. Nc3 Nf6 3. d4 e6 4. e3 d5 5. Bd3 c6 6. Nge2 Bd6 7. f3 O-O 8. Qc2 Kh8 9. Bd2 Bd7 10. h3 dxc4 11. Bxc4 b5 12. Bd3 Nd5 13. Nxd5 Qh4+ 14. Kf1 cxd5 15. f4 a6 1/2-1/2

[Event "ch-FRA"]
[Site "Val d'Isere"]
[Date "2004.08.25"]
[Round "10"]
[White "Vaisser, Anatoli"]
[Black "Apicella, Manuel"]
[Result "1/2-1/2"]
[WhiteElo "2580"]
[BlackElo "2532"]
[PlyCount "39"]
[EventDate "2004.08.16"]
[Source "Roberto Alvarez"]
[SourceDate "2004.09.06"]

1. d4 d5 2. c4 e6 3. Nc3 c6 4. e3 f5 5. f4 Nf6 6. Nf3 Bd6 7. Bd3 O-O 8. O-O Ne4 9. Ne5 Nd7 10. Nxe4 fxe4 11. Be2 Nxe5 12. fxe5 Be7 13. Rxf8+ Qxf8 14. Bd2 Bd7 15. Qb3 b6 16. cxd5 cxd5 17. Rf1 Qe8 18. Bb4 Rc8 19. Qa3 Bxb4 20. Qxb4 1/2-1/2

[Event "TCh-RUS, Tomsk RUS"]
[Site "?"]
[Date "2001.??.??"]
[Round "8"]
[White "Ivanov, Se"]
[Black "Glek, I."]
[Result "1-0"]
[WhiteElo "2545"]
[BlackElo "2565"]
[PlyCount "99"]
[EventDate "2001.??.??"]
[Source "www.chesslib.no"]
[SourceDate "2004.05.04"]

1. d4 e6 2. c4 f5 3. Nc3 Nf6 4. Qc2 Be7 5. e3 O-O 6. Bd3 Nc6 7. a3 e5 8. dxe5 Nxe5 9. Bxf5 d5 10. Nxd5 Nxd5 11. Bxh7+ Kh8 12. cxd5 Qxd5 13. Be4 Bf5 14. Bxd5 Bxc2 15. Bf3 Bh4 16. Ne2 Rxf3 17. gxf3 Nxf3+ 18. Kf1 Bd3 19. b4 Rf8 20. Ra2 Ne5 21. f4 Nc4 22. Rg1 Bf6 23. Kf2 Re8 24. Bd2 Nd6 25. Ng3 Bh4 26. Kf3 Kh7 27. Bc3 g6 28. a4 Bc4 29. Rd2 Bb3 30. Be5 Nc4 31. Rd7+ Kg8 32. Nf5 Rxe5 33. fxe5 Nxe5+ 34. Kf4 Nxd7 35. Nxh4 Bxa4 36. Nxg6 Nb6 37. e4 Kf7 38. Ne5+ Kf8 39. Kf5 Nc8 40. Kf6 Bb3 41. Rg3 Ba2 42. Ng6+ Ke8 43. e5 Nb6 44. e6 Nd5+ 45. Ke5 Nxb4 46. Rh3 Nc6+ 47. Kf6 Bxe6 48. Kxe6 Nd4+ 49. Kd5 Nf5 50. Rh7 1-0

[Event "GER-ARM"]
[Site "Baden-Baden"]
[Date "1996.??.??"]
[Round "4"]
[White "Stangl, Markus"]
[Black "Minasian, Artashes"]
[Result "1/2-1/2"]
[WhiteElo "2565"]
[BlackElo "2540"]
[PlyCount "125"]
[EventDate "1996.07.31"]
[Source "ChessBase"]

1. Nf3 d5 2. d4 c6 3. c4 e6 4. Nc3 f5 5. Bf4 Nf6 6. e3 Be7 7. h3 Nbd7 8. Qc2 Ne4 9. g4 Qa5 10. Rc1 Bd6 11. Bxd6 Nxd6 12. cxd5 exd5 13. gxf5 Nf6 14. Bd3 Nfe4 15. Ne5 Bxf5 16. f3 Nxc3 17. bxc3 Bxd3 18. Nxd3 O-O 19. Ne5 Rae8 20. O-O Qd8 21. Kh2 Qh4 22. Qg2 Nf5 23. Rg1 Qh6 24. Ng4 Qd6+ 25. f4 Re7 26. Rce1 Qa3 27. Qc2 Re4 28. Qd2 c5 29. Nf2 Re6 30. Nd3 cxd4 31. cxd4 Re4 32. Re2 Rc8 33. Rg5 Rc3 34. Rxf5 Rxd3 35. Qc2 Rc3 36. Qd2 Rcxe3 37. Rxe3 Qxe3 38. Qxe3 Rxe3 39. Rxd5 b6 40. a4 Kf7 41. a5 Ke7 42. axb6 axb6 43. Rb5 Re6 44. Kg3 Kd7 45. d5 Rf6 46. Kg4 Kc7 47. Kf3 Rh6 48. Kg4 Kb7 49. Rb1 Rd6 50. Rd1 b5 51. Kf5 b4 52. Ke5 Kc7 53. Rc1+ Kd7 54. Ra1 Rb6 55. Ra7+ Kc8 56. Rxg7 b3 57. Rg1 b2 58. Rb1 Kd7 59. Kd4 Kd6 60. Kc3 Kxd5 61. Rxb2 Rh6 62. Kd2 Rxh3 63. Rb4 1/2-1/2

[Event "Cheliabinsk"]
[Site "Cheliabinsk"]
[Date "1993.??.??"]
[Round "?"]
[White "Sherbakov, Ruslan"]
[Black "Gleizerov, Evgeny"]
[Result "1/2-1/2"]
[WhiteElo "2580"]
[BlackElo "2525"]
[PlyCount "41"]
[EventDate "1993.12.??"]
[Source "ChessBase"]

1. d4 e6 2. c4 f5 3. Nf3 Nf6 4. Nc3 Bb4 5. Bg5 O-O 6. Rc1 d6 7. e3 b6 8. Be2 Bb7 9. Bxf6 Qxf6 10. O-O Bxc3 11. Rxc3 a5 12. a3 Nd7 13. b4 axb4 14. axb4 Ra2 15. Rc2 Rxc2 16. Qxc2 Ra8 17. Qc3 Qd8 18. Ra1 Rxa1+ 19. Qxa1 Qa8 20. Qxa8+ Bxa8 21. Nd2 1/2-1/2

[Event "RUS-ch 53rd"]
[Site "Samara"]
[Date "2000.06.27"]
[Round "11"]
[White "Yakovich, Yuri"]
[Black "Iljushin, Alexei"]
[Result "1/2-1/2"]
[WhiteElo "2580"]
[BlackElo "2515"]
[PlyCount "150"]
[EventDate "2000.06.03"]
[Source "ChessBase"]
[SourceDate "2000.10.18"]

1. d4 f5 2. c4 Nf6 3. Nc3 e6 4. Qc2 Bb4 5. e3 b6 6. Bd3 Bb7 7. f3 O-O 8. Nge2 c5 9. a3 Bxc3+ 10. Qxc3 Nc6 11. b4 cxd4 12. exd4 Rc8 13. Qd2 Ne7 14. O-O b5 15. cxb5 Bd5 16. a4 Bc4 17. Bxc4 Rxc4 18. Qd3 Qc8 19. Bg5 Ned5 20. Rfc1 Rxc1+ 21. Rxc1 Qb8 22. Bxf6 gxf6 23. Qc4 Kf7 24. Qb3 Rg8 25. Rc5 Qd6 26. g3 h5 27. Kf2 f4 28. Rxd5 fxg3+ 29. hxg3 exd5 30. Qc2 Qxb4 31. Qh7+ Kf8 32. Qxd7 Qxa4 33. Qd8+ Kf7 34. Qxd5+ Kg7 35. Qxh5 Qa2 36. Qg4+ Kh8 37. Qh3+ Kg7 38. Qg4+ Kh8 39. Qd7 Rg5 40. Qe7 Rg6 41. g4 Rh6 42. Kg3 Qd2 43. Qd8+ Kg7 44. Qc7+ Kf8 45. Qb8+ Ke7 46. Qxa7+ Kd8 47. Qb6+ Kd7 48. Qc6+ Ke7 49. Qc7+ Ke8 50. Kf2 Rh1 51. b6 Rb1 52. Qc6+ Kf7 53. Qd7+ Kf8 54. Qe6 Kg7 55. Qe7+ Kg8 56. Qe6+ Kg7 57. Qe7+ Kg8 58. b7 Qe1+ 59. Ke3 Rb3+ 60. Kf4 Qd2+ 61. Kg3 Qe1+ 62. Kg2 Rb2 63. Qe8+ Kg7 64. b8=Q Rxe2+ 65. Qxe2 Qxe2+ 66. Kg3 Qe1+ 67. Kf4 Qd2+ 68. Kf5 Qd3+ 69. Ke6 Qe3+ 70. Kd7 Qxd4+ 71. Qd6 Qa4+ 72. Ke6 Qa2+ 73. Ke7 Qa7+ 74. Qd7 Qxd7+ 75. Kxd7 f5 1/2-1/2

[Event "It (open)"]
[Site "Koszalin (Poland)"]
[Date "2007.08.12"]
[Round "8"]
[White "Cyborowski Lukasz (POL)"]
[Black "Malaniuk Vladimir P (UKR)"]
[Result "1/2-1/2"]
[WhiteElo "2560"]
[BlackElo "2522"]
[PlyCount "23"]
[EventDate "2007.??.??"]
[Source "www.chesslib.no"]
[SourceDate "2004.05.04"]

1. d4 f5 2. c4 Nf6 3. Nc3 d6 4. g3 g6 5. Bg2 Bg7 6. e4 fxe4 7. Nxe4 Nxe4 8. Bxe4 c6 9. Ne2 Nd7 10. Bg2 Nf6 11. O-O O-O 12. Bg5 1/2-1/2

[Event "ADCF Masters, Abu Dhabi UAE"]
[Site "?"]
[Date "2001.??.??"]
[Round "8"]
[White "Barsov, A."]
[Black "Gleizerov, E."]
[Result "1/2-1/2"]
[WhiteElo "2495"]
[BlackElo "2585"]
[PlyCount "24"]
[EventDate "2001.??.??"]
[Source "www.chesslib.no"]
[SourceDate "2004.05.04"]

1. d4 e6 2. c4 f5 3. Nc3 Nf6 4. Nf3 Bb4 5. Qb3 Qe7 6. g3 b6 7. Bg2 Bb7 8. O-O Bxc3 9. Qxc3 d6 10. b4 Nbd7 11. a4 a6 12. Bb2 Ne4 1/2-1/2